Berlín 1900 : (Record no. 79497)

MARC details
000 -LEADER
campo de control de longitud fija 01962cam a2200385Ia 4500
001 - NÚMERO DE CONTROL
campo de control 85528
005 - FECHA Y HORA DE LA ÚLTIMA TRANSACCIÓN
campo de control 20230410130733.0
008 - DATOS DE LONGITUD FIJA--INFORMACIÓN GENERAL
campo de control de longitud fija 081003s2008 ag aho b 001 0 spa d
035 ## - NÚMERO DE CONTROL DEL SISTEMA
Número de control de sistema (OCoLC)ocn260011419
040 ## - FUENTE DE CATALOGACIÓN
Centro catalogador/agencia de origen U@S
Lengua de catalogación spa
Centro/agencia transcriptor U@S
020 ## - NÚMERO INTERNACIONAL ESTÁNDAR DEL LIBRO
Número Internacional Estándar del Libro 9789876290463
020 ## - NÚMERO INTERNACIONAL ESTÁNDAR DEL LIBRO
Número Internacional Estándar del Libro 9876290460
035 ## - NÚMERO DE CONTROL DEL SISTEMA
Número de control de sistema (OCoLC)260011419
041 1# - CÓDIGO DE IDIOMA
Código de lengua del texto/banda sonora o título independiente spa
Código de lengua original eng
043 ## - CÓDIGO DE ÁREA GEOGRÁFICA
Código de área geográfica e-gx---
050 14 - SIGNATURA TOPOGRÁFICA DE LA BIBLIOTECA DEL CONGRESO
Número de clasificación PN 5219
Número de ítem F919b 2008
049 ## - FONDOS LOCALES (OCLC)
Biblioteca depositaria GRAL
100 1# - ENTRADA PRINCIPAL--NOMBRE DE PERSONA
Nombre de persona Fritzsche, Peter,
Fechas asociadas al nombre 1959-
245 10 - MENCIÓN DEL TÍTULO
Título Berlín 1900 :
Resto del título prensa, lectores, vida moderna /
Mención de responsabilidad, etc. Peter Fritzsche ; traduccion, Silvia Jawerbaum y Julieta Barba.
260 ## - PUBLICACIÓN, DISTRIBUCIÓN, ETC.
Lugar de publicación, distribución, etc. Buenos Aires :
Nombre del editor, distribuidor, etc. Siglo Veintiuno Editores Argentina,
Fecha de publicación, distribución, etc. 2008.
300 ## - DESCRIPCIÓN FÍSICA
Extensión 292 p. :
Otras características físicas ill., photgs., facsm. ;
Dimensiones 21 cm.
440 #0 - MENCIÓN DE SERIE/PUNTO DE ACCESO ADICIONAL--TÍTULO
Título Colección Historia y cultura;
Designación de volumen o secuencia 15
500 ## - NOTA GENERAL
Nota general Traducido del idioma original: Reading Berlin 1900.
504 ## - NOTA DE BIBLIOGRAFÍA, ETC.
Nota de bibliografía, etc. Includes bibliographical referencias (p. [249]-284) and indexes
505 0# - NOTA DE CONTENIDO CON FORMATO
Nota de contenido con formato La ciudad como texto: Textos urbanos-- La ciudad moderna-- Nota sobre la lectura de la ciudad-- Lectores metropolitanos: Noticias locales-- Uso de la ciudad-- La prensa de Berlín-- Fisonomía de la ciudad: Recolección de escombros-- Puntos de intercambio-- Vorstadt-- La ciudad como espectáculo: Exploración... en el diario-- Exploración... en la ciudad-- Nota sobre espectadores-- Una cuestión de curiosidad-- Textos ilegibles: La ciudad textual desordenada-- La ciudad fugitiva-- Líneas argumentales: La maquinaria del periódico-- La maquinaria de la ciudad-- Coreografía de la máquina y la masa-- Otros textos exploratorios.
651 #0 - PUNTO DE ACCESO ADICIONAL DE MATERIA--NOMBRE GEOGRÁFICO
Nombre geográfico Berlin (Germany)
Subdivisión general Press coverage.
650 #0 - PUNTO DE ACCESO ADICIONAL DE MATERIA--TÉRMINO DE MATERIA
Término de materia o nombre geográfico como elemento de entrada German newspapers
Subdivisión geográfica Germany
-- Berlin
Subdivisión general History.
651 #4 - PUNTO DE ACCESO ADICIONAL DE MATERIA--NOMBRE GEOGRÁFICO
Nombre geográfico Berlín (Alemania)
Subdivisión general Cobertura de prensa
650 #0 - PUNTO DE ACCESO ADICIONAL DE MATERIA--TÉRMINO DE MATERIA
Término de materia o nombre geográfico como elemento de entrada Periodicos alemanes
Subdivisión geográfica Alemania
-- Berlín
Subdivisión general Historia
700 1# - ENTRADA AGREGADA--NOMBRE PERSONAL
Nombre de persona Jawerbaum, Silvia,
Término indicativo de función/relación trad.
700 1# - ENTRADA AGREGADA--NOMBRE PERSONAL
Nombre de persona Barba, Julieta,
Término indicativo de función/relación trad,
942 ## - ELEMENTOS DE ENTRADA SECUNDARIOS (KOHA)
Fuente del sistema de clasificación o colocación Clasificación de Library of Congress
Tipo de ítem Koha
946 ## - PROCESAMIENTO DE INFORMACIÓN LOCAL (OCLC)
a mjcruz
994 ## -
-- C0
-- DRFGD
Holdings
Estatus retirado Estado de pérdida Fuente del sistema de clasificación o colocación Estado de daño No para préstamo Colección Biblioteca de origen Biblioteca actual Ubicación en estantería Fecha de adquisición Serial enumeration / chronology Signatura topográfica completa Código de barras Visto por última vez Copia número Tipo de ítem Koha
    Clasificación de Library of Congress     Humanidades Biblioteca Juan Bosch Biblioteca Juan Bosch Humanidades (4to. Piso) 10/04/2023 1 PN 5219 F919b 2008 00000078884 25/10/2018 1